Welcome to UE Central Library

Keep Smiling

Successful women, angry men (Record no. 26092)

MARC details
000 -LEADER
fixed length control field 00552nam a22001937a 4500
005 - DATE AND TIME OF LATEST TRANSACTION
control field 20260420192754.0
008 - FIXED-LENGTH DATA ELEMENTS--GENERAL INFORMATION
fixed length control field 260420b |||||||| |||| 00| 0 eng d
020 ## - INTERNATIONAL STANDARD BOOK NUMBER
International Standard Book Number 0515096539 (pbk)
040 ## - CATALOGING SOURCE
Transcribing agency UE-CL
082 ## - DEWEY DECIMAL CLASSIFICATION NUMBER
Classification number 306.81
Item number C1521
100 ## - MAIN ENTRY--PERSONAL NAME
Personal name Campbell, Moore Bebe
245 ## - TITLE STATEMENT
Title Successful women, angry men
Statement of responsibility, etc /Bebe Moore Campbell
260 ## - PUBLICATION, DISTRIBUTION, ETC. (IMPRINT)
Place of publication, distribution, etc New York:
Name of publisher, distributor, etc Jove Books,
Date of publication, distribution, etc 1986
300 ## - PHYSICAL DESCRIPTION
Extent 236 p.
546 ## - LANGUAGE NOTE
Language note English
650 ## - SUBJECT ADDED ENTRY--TOPICAL TERM
Topical term or geographic name as entry element Successful--Women,--Angry--Men
942 ## - ADDED ENTRY ELEMENTS (KOHA)
Koha item type Books
505 ## - FORMATTED CONTENTS NOTE
Formatted contents note 1- The new marriage<br/>2- Backlash<br/>3- Working on it
Holdings
Withdrawn status Damaged status Not for loan Home library Current library Date acquired Full call number Barcode Date last seen Price effective from Koha item type
    Not For Loan UE-Central Library UE-Central Library 20.04.2026 306.81 C1521 T6155D 20.04.2026 20.04.2026 Books
Copyright © 2023, University of Education, Lahore. All Rights Reserved.
Email:centrallibrary@ue.edu.pk